[Event "Capablanca Memorial op-A 46th"]
[Site "Havana"]
[Date "2011.05.15"]
[Round "5"]
[White "Diaz Hernandez, Heriberto"]
[Black "Wohl, Aleksandar H"]
[Result "1/2-1/2"]
[WhiteElo "2300"]
[BlackElo "2411"]
[PlyCount "95"]
[EventDate "2011.05.11"]
[EventType "swiss"]
[EventRounds "10"]
[EventCountry "CUB"]
[SourceTitle "CBM 142 Extra"]
[Source "ChessBase"]
[SourceDate "2011.06.27"]
[SourceVersion "1"]
[SourceVersionDate "2011.06.27"]
[SourceQuality "1"]

1. e4 Nf6 2. Nc3 d5 3. e5 Nfd7 4. d4 c5 5. dxc5 e6 6. Nf3 Nc6 7. Bf4 Bxc5 8. Bd3 Be7 9. h4 f6 10. exf6 Nxf6 11. Nb5 0-0 12. Bc7 Qd7 13. Ne5 Nxe5 14. Bxe5 a6 15. Nd4 Bd6 16. Qe2 Bxe5 17. Qxe5 Ng4 18. Qh5 Nf6 19. Qe5 Qf7 20. Nf3 h6 21. 0-0 Ng4 22. Qg3 Qf4 23. Qxf4 Rxf4 24. Rae1 Bd7 25. Re2 Kf7 26. Rfe1 Rf8 27. Nd2 Ke7 28. f3 Nf6 29. g3 Rb4 30. Nb3 Kd6 31. c3 Rb6 32. f4 Ne8 33. Nd4 Nc7 34. b4 Rf6 35. Re5 Nb5 36. Bxb5 axb5 37. R1e2 Ra6 38. Kg2 Ra8 39. Kf3 Rc8 40. R2e3 Ra8 41. Re2 Rc8 42. R2e3 Ra8 43. g4 Rxa2 44. g5 hxg5 45. hxg5 Rf8 46. Re2 Rxe2 47. Rxe2 Rh8 48. Kg3 1/2-1/2

[Event "Capablanca Memorial op-A 46th"]
[Site "Havana"]
[Date "2011.05.14"]
[Round "4"]
[White "Romero Nunez, Wendy"]
[Black "Diaz Hernandez, Heriberto"]
[Result "0-1"]
[WhiteElo "2132"]
[BlackElo "2300"]
[PlyCount "68"]
[EventDate "2011.05.11"]
[EventType "swiss"]
[EventRounds "10"]
[EventCountry "CUB"]
[SourceTitle "CBM 142 Extra"]
[Source "ChessBase"]
[SourceDate "2011.06.27"]
[SourceVersion "1"]
[SourceVersionDate "2011.06.27"]
[SourceQuality "1"]

1. d4 d5 2. c4 c6 3. Nc3 Nf6 4. Nf3 e6 5. cxd5 exd5 6. Bf4 Bf5 7. Qb3 Qb6 8. Qxb6 axb6 9. a3 b5 10. Rc1 b4 11. axb4 Bxb4 12. Nd2 0-0 13. e3 Nh5 14. Bg5 f6 15. Bh4 g5 16. Be2 Nf4 17. exf4 gxh4 18. 0-0 Bd6 19. g3 Na6 20. Na4 Nb4 21. Nc5 b6 22. Ncb3 Ra2 23. g4 Bc2 24. Rxc2 Nxc2 25. Rb1 Bxf4 26. Nf3 Re8 27. Bd3 Nb4 28. Bf1 h3 29. Ne1 Kf7 30. Nd3 Nxd3 31. Bxd3 Rg8 32. Bf5 h5 33. f3 hxg4 34. fxg4 Re8 0-1